[Event "Perth AUS Open Minor"]
[Site "?"]
[Date "2023.01.07"]
[Round "9.66"]
[White "Arav, Callan"]
[Black "Deng, Harmoniche"]
[Result "0-1"]
[WhiteElo "1157"]
[BlackElo "975"]
[PlyCount "76"]
[EventDate "2023.01.??"]
[EventRounds "11"]
[EventCountry "AUS"]
[SourceVersionDate "2023.01.02"]

1. e4 d5 2. exd5 Nf6 3. Nc3 Nxd5 4. Bc4 c6 5. d4 Bf5 6. Be3 e6 7. Nge2 Bd6 8. Qd2 Nd7 9. Rb1 Qc7 10. Nxd5 exd5 11. Bb3 O-O 12. h3 a5 13. c4 Bxb1 14. c5 Be7 15. Bf4 Qd8 16. O-O Bg6 17. Be3 Nf6 18. Nf4 Ne4 19. Qe2 Qd7 20. Nxg6 fxg6 21. Bc2 Nf6 22. Re1 Rae8 23. Bg5 Bxc5 24. Qxe8 Rxe8 25. Rxe8+ Qxe8 26. Bxf6 Qe1+ 27. Kh2 Bd6+ 28. Be5 Bxe5+ 29. dxe5 Qxe5+ 30. g3 Qxb2 31. Bd1 Qxf2+ 32. Kh1 Qe1+ 33. Kh2 Qxd1 34. h4 Qe2+ 35. Kh1 d4 36. Kg1 d3 37. Kh1 d2 38. Kg1 d1=R# 0-1

[Event "Perth AUS Open Minor"]
[Site "?"]
[Date "2023.01.07"]
[Round "9.67"]
[White "Sheth, Adidev"]
[Black "Gunasekara, Aritha Chanthula Abe"]
[Result "0-1"]
[WhiteElo "569"]
[BlackElo "1079"]
[PlyCount "86"]
[EventDate "2023.01.??"]
[EventRounds "11"]
[EventCountry "AUS"]
[SourceVersionDate "2023.01.02"]

1. e4 c6 2. d4 d5 3. e5 Bf5 4. Nf3 e6 5. Be2 Nd7 6. O-O c5 7. c3 Ne7 8. Be3 Nc6 9. h3 Be7 10. Nbd2 O-O 11. Bf4 c4 12. b3 b5 13. a4 a6 14. Bg3 h6 15. Qc1 Nb6 16. axb5 axb5 17. Qb2 Qc7 18. b4 Na4 19. Qa3 Ra7 20. Bh4 Rfa8 21. Qc1 Ra6 22. Bxe7 Qxe7 23. Ra3 Qa7 24. Kh1 Nb6 25. Rxa6 Qxa6 26. Nh4 Bh7 27. Kh2 Qa3 28. Nhf3 Qxc1 29. Rxc1 Ra3 30. Kg3 Na4 31. Nb1 Bxb1 32. Rxb1 Nxc3 33. Rb2 Nxe2+ 34. Rxe2 Nxd4 35. Rb2 Nxf3 36. gxf3 Rb3 37. Ra2 Rxb4 38. f4 c3 39. Kg4 Rb2 40. Ra1 c2 41. Kh5 Rb1 42. Ra6 c1=Q 43. f5 Qg5# 0-1

[Event "Perth AUS Open Minor"]
[Site "?"]
[Date "2023.01.07"]
[Round "9.68"]
[White "Rice, Lana"]
[Black "Ley, Nick"]
[Result "1/2-1/2"]
[WhiteElo "1065"]
[BlackElo "695"]
[PlyCount "125"]
[EventDate "2023.01.??"]
[EventRounds "11"]
[EventCountry "AUS"]
[SourceVersionDate "2023.01.02"]

1. e4 d6 2. d4 Nf6 3. Nc3 g6 4. Nf3 Bg7 5. Be2 O-O 6. O-O Bg4 7. Be3 Bxf3 8. Bxf3 e5 9. Qd2 Nc6 10. d5 Ne7 11. Rad1 Nd7 12. Bg5 f5 13. exf5 gxf5 14. Bxe7 Qxe7 15. Qe3 f4 16. Qe4 a6 17. Rfe1 Rf6 18. Bg4 Nf8 19. Bf5 Rh6 20. Qxf4 Ng6 21. Bxg6 Rxg6 22. Qf3 Rf8 23. Qe3 Bh6 24. Qd3 Qf7 25. Rf1 Bf4 26. g3 Bg5 27. Ne4 Bd8 28. Qb3 h5 29. Kh1 Kh8 30. Rg1 h4 31. gxh4 Bxh4 32. Qh3 Qf3+ 33. Qxf3 Rxg1+ 34. Rxg1 Rxf3 35. Rg2 Rf4 36. Ng3 Rd4 37. Nf5 Rd1+ 38. Rg1 Rxg1+ 39. Kxg1 Bg5 40. Kf1 Kh7 41. Ke2 Kg6 42. Ng3 c6 43. c4 cxd5 44. cxd5 Kf6 45. Ne4+ Kg6 46. Nxd6 b5 47. Ne4 Bc1 48. d6 Kf7 49. Nc5 a5 50. Nb7 Ke6 51. Nxa5 Kxd6 52. b3 Kc7 53. b4 Ba3 54. Nb3 Bxb4 55. Nc1 Be7 56. Nd3 Kc6 57. Nxe5+ Kd5 58. Ng6 Bd6 59. h4 Ke6 60. h5 Kf6 61. f4 Kg7 62. Ne5 Bc7 63. Ke3 1/2-1/2

[Event "Perth AUS Open Minor"]
[Site "?"]
[Date "2023.01.07"]
[Round "9.69"]
[White "Gunasekera, Tharanga Abesuriya"]
[Black "Bultman, Grant"]
[Result "1-0"]
[WhiteElo "1079"]
[BlackElo "1329"]
[PlyCount "77"]
[EventDate "2023.01.??"]
[EventRounds "11"]
[EventCountry "AUS"]
[SourceVersionDate "2023.01.02"]

1. d4 Nf6 2. Bf4 d5 3. e3 a6 4. c4 c6 5. Nc3 Qa5 6. a3 dxc4 7. Bxc4 Ne4 8. b4 Nxc3 9. bxa5 Nxd1 10. Rxd1 Bf5 11. Nf3 Nd7 12. O-O e6 13. Bd3 Bxa3 14. Bxf5 exf5 15. Rb1 Ra7 16. Rb3 Be7 17. Rfb1 b5 18. axb6 Rb7 19. Ne5 a5 20. Nxc6 Bb4 21. Nxb4 a4 22. R3b2 Rxb6 23. Nd5 Rxb2 24. Rxb2 O-O 25. Ne7+ Kh8 26. Nxf5 Nf6 27. h3 Nd5 28. Be5 f6 29. Bd6 Rc8 30. Bc5 h6 31. Ra2 Ra8 32. Nd6 Nc3 33. Ra3 Nb1 34. Ra1 Nc3 35. Nc4 Ra6 36. Nb6 Kh7 37. Ra3 Ne4 38. Rxa4 Nxc5 39. dxc5 1-0

[Event "Perth AUS Open Minor"]
[Site "?"]
[Date "2023.01.07"]
[Round "9.73"]
[White "Sethuraman, Jaswanth Ram"]
[Black "Chen, Albert"]
[Result "1-0"]
[WhiteElo "887"]
[BlackElo "1157"]
[PlyCount "83"]
[EventDate "2023.01.??"]
[EventRounds "11"]
[EventCountry "AUS"]
[SourceVersionDate "2023.01.02"]

1. e4 e5 2. Nc3 Bc5 3. d3 d6 4. Be2 Nf6 5. h3 Nc6 6. Nf3 Be6 7. O-O h6 8. a3 a5 9. Be3 Bxe3 10. fxe3 Qb8 11. d4 exd4 12. exd4 Bd7 13. e5 Nh7 14. Qd2 O-O 15. Rae1 Qa7 16. Kh1 Rae8 17. Bb5 Nb8 18. Bd3 Nc6 19. Nb5 Qb8 20. b3 Ne7 21. Qxa5 b6 22. Qd2 Nf5 23. Bxf5 Bxf5 24. a4 Bd7 25. Nc3 dxe5 26. dxe5 Rd8 27. Qf2 b5 28. axb5 Bxb5 29. Nxb5 Qxb5 30. Nd4 Qb6 31. Nf5 Qe6 32. Qg3 g6 33. Nxh6+ Kg7 34. Ng4 Rd2 35. c4 Qc6 36. Nf6 Rfd8 37. Re3 Nxf6 38. exf6+ Kh7 39. Re7 R8d3 40. Rxf7+ Kg8 41. Qxg6+ Kh8 42. Qg7# 1-0

[Event "Perth AUS Open Minor"]
[Site "?"]
[Date "2023.01.07"]
[Round "9.79"]
[White "Ashok, Anish"]
[Black "Li, Jeremy"]
[Result "1-0"]
[WhiteElo "545"]
[BlackElo "331"]
[PlyCount "73"]
[EventDate "2023.01.??"]
[EventRounds "11"]
[EventCountry "AUS"]
[SourceVersionDate "2023.01.02"]

1. d4 d5 2. Bf4 Bf5 3. Nf3 Nf6 4. e3 e6 5. c3 c5 6. Bd3 c4 7. Bxf5 exf5 8. Nbd2 Be7 9. Qa4+ Nc6 10. Ne5 O-O 11. Nxc6 bxc6 12. Qxc6 Rc8 13. Qa6 Ne4 14. Nxe4 dxe4 15. Qxa7 Bg5 16. Bxg5 Qxg5 17. g3 h6 18. O-O-O Rfe8 19. d5 Rcd8 20. Qc5 Re7 21. Qxc4 Red7 22. b4 Ra7 23. b5 Qe7 24. a4 Qa3+ 25. Kc2 Rxa4 26. Qb3 Rb8 27. Qxa3 Rxa3 28. c4 Rc8 29. Rd4 Ra2+ 30. Kc3 Rxf2 31. d6 Rd8 32. b6 Ra2 33. b7 Rb8 34. d7 Kf8 35. c5 Ke7 36. c6 Rf8 37. c7 1-0

[Event "Perth AUS Open Minor"]
[Site "?"]
[Date "2023.01.09"]
[Round "10.60"]
[White "Clark, Peter"]
[Black "Arav, Jayden"]
[Result "0-1"]
[WhiteElo "1370"]
[BlackElo "1230"]
[PlyCount "54"]
[EventDate "2023.01.??"]
[EventRounds "11"]
[EventCountry "AUS"]
[SourceVersionDate "2023.01.02"]

1. d4 Nf6 2. Bf4 d6 3. Nc3 g6 4. e4 Bg7 5. Qd2 Nbd7 6. Bh6 O-O 7. Bxg7 Kxg7 8. O-O-O c5 9. f3 Rb8 10. g4 b5 11. e5 Ne8 12. exd6 Nxd6 13. dxc5 Nxc5 14. Qd4+ Kg8 15. Qxc5 Qa5 16. a3 Be6 17. h4 Rfc8 18. Qb4 Qb6 19. Qd4 Qa5 20. Nd5 Bxd5 21. Qxd5 Qa4 22. c3 b4 23. Qd4 Qb3 24. Qd5 Rxc3+ 25. bxc3 Qxc3+ 26. Kb1 bxa3+ 27. Ka2 Qb2# 0-1

[Event "Perth AUS Open Minor"]
[Site "?"]
[Date "2023.01.09"]
[Round "10.61"]
[White "Arav, Nathan"]
[Black "Wu, Kobe"]
[Result "1-0"]
[WhiteElo "1422"]
[BlackElo "1269"]
[PlyCount "93"]
[EventDate "2023.01.??"]
[EventRounds "11"]
[EventCountry "AUS"]
[SourceVersionDate "2023.01.02"]

1. d4 d5 2. c4 c6 3. Nc3 Nf6 4. Nf3 Bf5 5. Bf4 e6 6. a3 Bd6 7. Bxd6 Qxd6 8. e3 Nbd7 9. Be2 Ne4 10. Nh4 Nxc3 11. Nxf5 Nxd1 12. Nxd6+ Ke7 13. Nxf7 Nxb2 14. Nxh8 Rxh8 15. cxd5 cxd5 16. Rb1 Nc4 17. Bxc4 dxc4 18. Rxb7 Rc8 19. Ke2 c3 20. Rc1 Kd6 21. Rb3 e5 22. Rcxc3 Rxc3 23. dxe5+ Nxe5 24. Rxc3 Kd7 25. f4 Ng4 26. h3 Nf6 27. Rc5 h6 28. Ra5 Kc6 29. Rxa7 Ne4 30. Rxg7 Nc3+ 31. Kd3 Nb5 32. Rg6+ Kc5 33. Rxh6 Nxa3 34. g4 Nb5 35. Rh5+ Kc6 36. Rxb5 Kxb5 37. g5 Kc5 38. g6 Kd6 39. g7 Ke7 40. g8=Q Kf6 41. Qg5+ Kf7 42. h4 Ke6 43. h5 Kf7 44. h6 Kf8 45. Qg7+ Ke8 46. h7 Kd8 47. h8=Q# 1-0

[Event "Perth AUS Open Minor"]
[Site "?"]
[Date "2023.01.09"]
[Round "10.63"]
[White "Gupta, Aarnav"]
[Black "While, Lyndon"]
[Result "1-0"]
[WhiteElo "1458"]
[BlackElo "1226"]
[PlyCount "51"]
[EventDate "2023.01.??"]
[EventRounds "11"]
[EventCountry "AUS"]
[SourceVersionDate "2023.01.02"]

1. d4 d5 2. c4 e6 3. Nf3 Nf6 4. e3 Nbd7 5. Be2 dxc4 6. Bxc4 c5 7. O-O Be7 8. Nbd2 cxd4 9. Nxd4 O-O 10. b3 b6 11. Qf3 Nd5 12. Bxd5 exd5 13. Qxd5 Ba6 14. Nc6 Qe8 15. Nxe7+ Qxe7 16. Rd1 Nf6 17. Qf3 Qe5 18. Ba3 Rfd8 19. Rac1 Rab8 20. Nc4 Bxc4 21. Rxc4 Rxd1+ 22. Qxd1 Qd5 23. Qxd5 Nxd5 24. Kf1 f6 25. e4 Nf4 26. Bd6 1-0

[Event "Perth AUS Open Minor"]
[Site "?"]
[Date "2023.01.09"]
[Round "10.64"]
[White "Deng, Harmoniche"]
[Black "Gupta, Anoushka"]
[Result "1-0"]
[WhiteElo "975"]
[BlackElo "1343"]
[PlyCount "35"]
[EventDate "2023.01.??"]
[EventRounds "11"]
[EventCountry "AUS"]
[SourceVersionDate "2023.01.02"]

1. d4 Nf6 2. Bg5 e6 3. e3 d5 4. Bd3 Nbd7 5. Nd2 g6 6. c3 Bg7 7. f4 c5 8. Ngf3 c4 9. Bc2 h6 10. Bh4 Qc7 11. Ne5 Nxe5 12. fxe5 Nd7 13. O-O g5 14. Qf3 Nf8 15. Bg3 Ng6 16. Qh5 Rf8 17. Rxf7 Rxf7 18. Bxg6 1-0

[Event "Perth AUS Open Minor"]
[Site "?"]
[Date "2023.01.09"]
[Round "10.65"]
[White "Gunasekara, Aritha Chanthula Abe"]
[Black "Gunasekera, Tharanga Abesuriya"]
[Result "1-0"]
[WhiteElo "1079"]
[BlackElo "1079"]
[PlyCount "41"]
[EventDate "2023.01.??"]
[EventRounds "11"]
[EventCountry "AUS"]
[SourceVersionDate "2023.01.02"]

1. e4 c6 2. d4 d5 3. Nc3 dxe4 4. Nxe4 Bf5 5. Ng3 Bg6 6. Nf3 e6 7. Bd3 Bxd3 8. Qxd3 Nf6 9. Bf4 Bd6 10. Bxd6 Qxd6 11. O-O O-O 12. c3 Nbd7 13. Rad1 Rfd8 14. Ne4 Nxe4 15. Qxe4 h6 16. Rfe1 c5 17. dxc5 Nxc5 18. Rxd6 Nxe4 19. Rxd8+ Rxd8 20. Rxe4 Rd1+ 21. Re1 1-0

[Event "Perth AUS Open Minor"]
[Site "?"]
[Date "2023.01.09"]
[Round "10.74"]
[White "Ashok, Akash"]
[Black "Kerr, Lennon"]
[Result "1-0"]
[WhiteElo "643"]
[BlackElo "691"]
[PlyCount "75"]
[EventDate "2023.01.??"]
[EventRounds "11"]
[EventCountry "AUS"]
[SourceVersionDate "2023.01.02"]

1. e4 d5 2. exd5 Nf6 3. Nc3 Nxd5 4. Nxd5 Qxd5 5. Nf3 Nc6 6. Be2 Bf5 7. O-O e6 8. d3 Bc5 9. Be3 Bxe3 10. fxe3 Qc5 11. d4 Qxc2 12. Qxc2 Bxc2 13. Rac1 Bg6 14. Bb5 Be4 15. Ng5 Bg6 16. Bxc6+ bxc6 17. Rxc6 Kd7 18. Rfc1 Rhc8 19. Nf3 f6 20. Kf2 Be4 21. R6c3 Rab8 22. b3 a5 23. Nd2 Bg6 24. Kf3 a4 25. Ne4 Bxe4+ 26. Kxe4 axb3 27. axb3 Rb5 28. h3 Kd6 29. Rc6+ Kd7 30. R1c3 Rb6 31. Rxb6 cxb6 32. Rxc8 Kxc8 33. d5 exd5+ 34. Kxd5 Kd7 35. b4 g5 36. g4 h6 37. b5 Kc7 38. Ke6 1-0

[Event "Perth AUS Open Minor"]
[Site "?"]
[Date "2023.01.09"]
[Round "10.75"]
[White "Schiavone, Isaac"]
[Black "Ong, Charis"]
[Result "1/2-1/2"]
[WhiteElo "576"]
[BlackElo "511"]
[PlyCount "99"]
[EventDate "2023.01.??"]
[EventRounds "11"]
[EventCountry "AUS"]
[SourceVersionDate "2023.01.02"]

1. e4 e5 2. Nf3 Nc6 3. Bc4 Bc5 4. d3 Nf6 5. Bg5 O-O 6. Nc3 Be7 7. O-O h6 8. Bh4 Nd4 9. Nxe5 Qe8 10. Nf3 Nxf3+ 11. Qxf3 d6 12. h3 a6 13. Bxf6 Bxf6 14. Nd5 Qd8 15. Nxf6+ Qxf6 16. Qxf6 gxf6 17. Rfe1 Re8 18. Re3 Be6 19. Bxe6 Rxe6 20. d4 c6 21. c4 Rae8 22. f3 d5 23. cxd5 cxd5 24. Rae1 f5 25. e5 f4 26. Rb3 b6 27. Rb4 a5 28. Rb5 Rc8 29. Rxd5 Rc2 30. Rb5 Rg6 31. Kh1 Rgxg2 32. Rg1 Rxg1+ 33. Kxg1 Rc1+ 34. Kf2 Rc2+ 35. Ke1 Rh2 36. d5 Rxh3 37. Rxb6 Rxf3 38. Rxh6 Re3+ 39. Kf2 Rxe5 40. d6 Kf8 41. Rh8+ Kg7 42. Rc8 Rd5 43. Rc6 Kf6 44. d7+ Ke7 45. Rc7 Rxd7 46. Rxd7+ Kxd7 47. a3 Ke6 48. Kf3 Ke5 49. b4 axb4 50. axb4 1/2-1/2

[Event "Perth AUS Open Minor"]
[Site "?"]
[Date "2023.01.09"]
[Round "10.77"]
[White "Chen, Albert"]
[Black "Fisher, Isaac"]
[Result "1-0"]
[WhiteElo "1157"]
[BlackElo "421"]
[PlyCount "77"]
[EventDate "2023.01.??"]
[EventRounds "11"]
[EventCountry "AUS"]
[SourceVersionDate "2023.01.02"]

1. d4 d5 2. Bf4 Nc6 3. e3 a6 4. Nf3 Bf5 5. Bd3 Bg6 6. Nc3 e6 7. a3 Nf6 8. Bg5 Bd6 9. e4 Qd7 10. e5 Be7 11. exf6 Bxf6 12. Bxf6 gxf6 13. Qe2 O-O-O 14. O-O-O Bxd3 15. Qxd3 e5 16. dxe5 fxe5 17. Qxd5 Qf5 18. Qe4 Qe6 19. Kb1 f5 20. Qe2 Rhg8 21. Rhg1 e4 22. h3 Rge8 23. Nh2 Nd4 24. Qe3 Qe5 25. f4 Qd6 26. Rd2 Rd7 27. Rgd1 Red8 28. g4 Qc5 29. gxf5 Rd6 30. Nxe4 Qxf5 31. Nxd6+ Rxd6 32. Rxd4 Kb8 33. Rxd6 cxd6 34. Rxd6 Kc7 35. Qe5 Qxh3 36. Rh6+ Kc8 37. Rxh3 b6 38. Rxh7 b5 39. Qe8# 1-0

[Event "Perth AUS Open Minor"]
[Site "?"]
[Date "2023.01.10"]
[Round "11.58"]
[White "Chan, Benny"]
[Black "Arav, Nathan"]
[Result "0-1"]
[WhiteElo "1377"]
[BlackElo "1422"]
[PlyCount "106"]
[EventDate "2023.01.??"]
[EventRounds "11"]
[EventCountry "AUS"]
[SourceVersionDate "2023.01.02"]

1. e4 c5 2. Nf3 d6 3. d4 cxd4 4. Nxd4 Nf6 5. Nc3 g6 6. f3 Bg7 7. Be3 Nc6 8. Qd2 Bd7 9. O-O-O a6 10. g4 Rb8 11. h4 Bxg4 12. Nxc6 bxc6 13. fxg4 Nxe4 14. Qd3 Nxc3 15. bxc3 Qa5 16. Kd2 Rb5 17. Bg2 O-O 18. a4 Qxa4 19. Bxc6 Qxg4 20. Bxb5 axb5 21. Rdg1 Qf3 22. Bd4 Bh6+ 23. Be3 Qf2+ 24. Kd1 Qxe3 25. Qxe3 Bxe3 26. Re1 Ra8 27. Rhf1 Ra1+ 28. Ke2 Rxe1+ 29. Rxe1 Bc5 30. Kf3 e6 31. Rb1 h6 32. Rxb5 Kg7 33. Kf4 e5+ 34. Kg4 f5+ 35. Kf3 e4+ 36. Kf4 e3 37. Rb1 Kf6 38. Rg1 g5+ 39. hxg5+ hxg5+ 40. Kf3 f4 41. Rg2 d5 42. Rg1 Kf5 43. Rg2 Be7 44. Rg1 Bf6 45. Rg2 Bxc3 46. Rg1 Bd2 47. Rg2 Be1 48. Rg1 Bf2 49. Rg2 d4 50. Rh2 g4+ 51. Ke2 f3+ 52. Kf1 g3 53. c3 e2# 0-1

[Event "Perth AUS Open Minor"]
[Site "?"]
[Date "2023.01.10"]
[Round "11.59"]
[White "Arav, Jayden"]
[Black "El Fayoumi, Adam"]
[Result "1-0"]
[WhiteElo "1230"]
[BlackElo "1288"]
[PlyCount "85"]
[EventDate "2023.01.??"]
[EventRounds "11"]
[EventCountry "AUS"]
[SourceVersionDate "2023.01.02"]

1. e4 c5 2. Nf3 d6 3. d4 cxd4 4. Nxd4 Nf6 5. Nc3 a6 6. a4 e6 7. Bc4 Be7 8. O-O Qc7 9. Bb3 O-O 10. Be3 Nbd7 11. f3 Nc5 12. a5 Rd8 13. Qe1 Nfd7 14. Qg3 Bf6 15. Ba2 Nf8 16. b4 Ncd7 17. Na4 Ng6 18. Rad1 Bh4 19. Qh3 Nde5 20. f4 Nc4 21. Bxc4 Qxc4 22. Nb6 Qxb4 23. Nxa8 e5 24. Nf5 Qxe4 25. Nxd6 Qxc2 26. Qf3 e4 27. Nxe4 Rxd1 28. Rxd1 Bf5 29. Nd6 Bd3 30. Rd2 Qb3 31. Qd1 Bc2 32. Rxc2 Qxe3+ 33. Kh1 Be7 34. Rc8+ Bf8 35. Nf5 Qxf4 36. Ng3 Qb4 37. Nb6 Qxa5 38. Nd7 Qb4 39. Nxf8 Nxf8 40. Re8 g6 41. h3 a5 42. Ne4 Qb5 43. Qd6 1-0

[Event "Perth AUS Open Minor"]
[Site "?"]
[Date "2023.01.10"]
[Round "11.60"]
[White "Ho, Oscar"]
[Black "Feldblyum, Alexander"]
[Result "1/2-1/2"]
[WhiteElo "1208"]
[BlackElo "1117"]
[PlyCount "91"]
[EventDate "2023.01.??"]
[EventRounds "11"]
[EventCountry "AUS"]
[SourceVersionDate "2023.01.02"]

1. d4 c6 2. c4 d5 3. Nc3 Nf6 4. Nf3 e6 5. Bf4 Bd6 6. Bg3 Bxg3 7. hxg3 Nbd7 8. e3 h6 9. Bd3 Qe7 10. O-O e5 11. cxd5 e4 12. d6 Qe6 13. d5 cxd5 14. Nb5 O-O 15. Nfd4 Qe5 16. f4 exf3 17. Qxf3 Nc5 18. Bf5 Nce4 19. Qf4 Qxf4 20. gxf4 a6 21. Nc7 Rb8 22. Bxc8 Rfxc8 23. Nf5 Rd8 24. Rfd1 g6 25. Ne7+ Kf8 26. Nexd5 Nxd5 27. Rxd5 Rxd6 28. Rxd6 Nxd6 29. Nd5 Rc8 30. b3 Rc2 31. a3 Rd2 32. Nf6 Rd3 33. e4 Rxb3 34. e5 Nb5 35. a4 Nc7 36. Rc1 Ne6 37. Rc4 h5 38. Rc8+ Kg7 39. Rg8+ Kh6 40. Rh8+ Kg7 41. Rh7+ Kf8 42. Rh8+ Kg7 43. Rh7+ Kf8 44. Rh8+ Kg7 45. Rh7+ Kf8 46. Rh8+ 1/2-1/2

[Event "Perth AUS Open Minor"]
[Site "?"]
[Date "2023.01.10"]
[Round "11.62"]
[White "Gunasekara, Aritha Chanthula Abe"]
[Black "Gupta, Aarnav"]
[Result "1/2-1/2"]
[WhiteElo "1079"]
[BlackElo "1458"]
[PlyCount "119"]
[EventDate "2023.01.??"]
[EventRounds "11"]
[EventCountry "AUS"]
[SourceVersionDate "2023.01.02"]

1. e4 c6 2. d4 d5 3. Nc3 dxe4 4. Nxe4 Nd7 5. Nf3 Ngf6 6. Nxf6+ Nxf6 7. Bd3 Bg4 8. c3 e6 9. Bf4 Bd6 10. Bxd6 Qxd6 11. O-O O-O 12. h3 Bh5 13. Be2 Nd5 14. Ne5 Bxe2 15. Qxe2 Rfd8 16. Rad1 Rac8 17. Nc4 Qe7 18. Ne3 h6 19. Rfe1 Qc7 20. Nxd5 cxd5 21. Qe5 Rd6 22. Rc1 Rb6 23. Qxc7 Rxc7 24. Re2 Kf8 25. f4 g6 26. g4 a5 27. Kf2 Rbc6 28. Rec2 b5 29. b3 Ke7 30. Ke3 Rc8 31. g5 h5 32. h4 Kd7 33. Kd3 Kd6 34. a3 R8c7 35. b4 a4 36. Rg1 Ke7 37. Rgc1 Rc8 38. Ke3 Rf8 39. Rf2 f6 40. Rf3 Rc7 41. Rf2 Kf7 42. Kd3 Kg7 43. Rcf1 Rcf7 44. Ke3 Rc7 45. Kd3 Kf7 46. Re2 Ke7 47. Ref2 Kd6 48. Kd2 Rcf7 49. Ke3 fxg5 50. fxg5 Rxf2 51. Rxf2 Rxf2 52. Kxf2 e5 53. dxe5+ Kxe5 54. Ke3 Ke6 55. Kf4 Kd6 56. Kf3 Kd7 57. Ke3 Ke6 58. Kf4 Kd6 59. Kf3 Ke5 60. Ke3 1/2-1/2

[Event "Perth AUS Open Minor"]
[Site "?"]
[Date "2023.01.10"]
[Round "11.63"]
[White "While, Lyndon"]
[Black "Clark, Peter"]
[Result "0-1"]
[WhiteElo "1226"]
[BlackElo "1370"]
[PlyCount "102"]
[EventDate "2023.01.??"]
[EventRounds "11"]
[EventCountry "AUS"]
[SourceVersionDate "2023.01.02"]

1. d4 d5 2. c4 e6 3. Nc3 a6 4. c5 Nc6 5. a3 Nf6 6. Bg5 Be7 7. e3 O-O 8. Nf3 h6 9. Bh4 b5 10. b4 Bb7 11. Be2 Nb8 12. Ne5 c6 13. O-O Nbd7 14. Nxd7 Nxd7 15. Bg3 Re8 16. Bg4 Nf6 17. Bf3 a5 18. Qc2 Qd7 19. Rfd1 Ra6 20. Be2 Rea8 21. a4 axb4 22. Nxb5 Ra5 23. Nd6 Ba6 24. Bxa6 R8xa6 25. Qb3 Bxd6 26. Bxd6 Qa7 27. Qxb4 Rxa4 28. Rxa4 Rxa4 29. Qb6 Ra1 30. Qb3 Qa3 31. Qc2 Qa2 32. Qd3 Qc4 33. Qf1 Qxf1+ 34. Rxf1 Rxf1+ 35. Kxf1 Ne4 36. Bc7 Kf8 37. Ke2 Nc3+ 38. Kd3 Nb5 39. Bg3 f5 40. Be5 g5 41. Kc2 g4 42. Bf4 h5 43. Bg3 Na3+ 44. Kc3 Nc4 45. Bf4 Ke7 46. f3 gxf3 47. gxf3 Kf6 48. h4 e5 49. Bg3 e4 50. f4 Nxe3 51. Bf2 Nd1+ 0-1

[Event "Perth AUS Open Minor"]
[Site "?"]
[Date "2023.01.10"]
[Round "11.64"]
[White "Wu, Kobe"]
[Black "Ley, Nick"]
[Result "0-1"]
[WhiteElo "1269"]
[BlackElo "695"]
[PlyCount "120"]
[EventDate "2023.01.??"]
[EventRounds "11"]
[EventCountry "AUS"]
[SourceVersionDate "2023.01.02"]

1. e4 d6 2. d4 Nf6 3. Nc3 g6 4. Bc4 Bg7 5. Nf3 O-O 6. O-O Bg4 7. h3 Bxf3 8. Qxf3 Nc6 9. Qd1 e5 10. dxe5 Nxe5 11. Bb3 Re8 12. f4 Ned7 13. Re1 c6 14. f5 gxf5 15. exf5 Ne5 16. Bg5 Qc7 17. Ne4 Nxe4 18. Rxe4 d5 19. Re1 f6 20. Bf4 Re7 21. c4 Rd8 22. cxd5 cxd5 23. Bxd5+ Kh8 24. Qc1 Rxd5 25. Qxc7 Rxc7 26. Rac1 Rxc1 27. Rxc1 h6 28. Rc7 Rb5 29. Rc8+ Kh7 30. Rc7 Nd3 31. Bd6 Rxf5 32. Bf8 Rg5 33. Rxb7 h5 34. b4 Kh6 35. Rxg7 Rxg7 36. a4 Nxb4 37. Bxg7+ Kxg7 38. Kf2 Kg6 39. h4 a5 40. Kf3 Kf5 41. g3 Na6 42. Ke3 Nc5 43. Kf3 Nxa4 44. g4+ hxg4+ 45. Kg3 Nc3 46. h5 Kg5 47. h6 Kxh6 48. Kxg4 Kg6 49. Kf4 a4 50. Ke3 a3 51. Kd3 a2 52. Kc2 a1=Q 53. Kd3 Qe1 54. Kd4 f5 55. Kd3 f4 56. Kc2 f3 57. Kd3 f2 58. Kd4 f1=Q 59. Kc5 Qb5+ 60. Kd6 Qee5# 0-1

[Event "Perth AUS Open Minor"]
[Site "?"]
[Date "2023.01.10"]
[Round "11.66"]
[White "Rice, Lana"]
[Black "Gupta, Anoushka"]
[Result "1/2-1/2"]
[WhiteElo "1065"]
[BlackElo "1343"]
[PlyCount "85"]
[EventDate "2023.01.??"]
[EventRounds "11"]
[EventCountry "AUS"]
[SourceVersionDate "2023.01.02"]

1. e4 e5 2. Nf3 Nc6 3. Nc3 Nf6 4. d4 exd4 5. Nxd4 Bb4 6. Nxc6 bxc6 7. Bd3 h6 8. O-O O-O 9. Qf3 d6 10. Qg3 Nh5 11. Qf3 Qh4 12. Be2 Bxc3 13. Qxc3 Nf6 14. f3 Bb7 15. Be3 c5 16. Bc4 Nd7 17. Rad1 Nb6 18. Be2 Qe7 19. Qe1 Nd5 20. Bxh6 gxh6 21. exd5 Rae8 22. Qg3+ Qg5 23. Qxg5+ hxg5 24. Bc4 Re5 25. Rfe1 Rfe8 26. Rxe5 Rxe5 27. Bb3 Kf8 28. c4 Re2 29. Rb1 c6 30. dxc6 Bxc6 31. Rd1 Ke7 32. Rb1 Bd7 33. Kf1 Rd2 34. Re1+ Kd8 35. Re2 Rd4 36. Kf2 a5 37. a3 a4 38. Ba2 Be6 39. Rc2 Bf5 40. Re2 Be6 41. Re4 Rd2+ 42. Re2 Rd4 43. Re4 1/2-1/2

[Event "Perth AUS Open Minor"]
[Site "?"]
[Date "2023.01.10"]
[Round "11.69"]
[White "Arav, Callan"]
[Black "Sethuraman, Jaswanth Ram"]
[Result "0-1"]
[WhiteElo "1157"]
[BlackElo "887"]
[PlyCount "110"]
[EventDate "2023.01.??"]
[EventRounds "11"]
[EventCountry "AUS"]
[SourceVersionDate "2023.01.02"]

1. e4 e5 2. f4 d6 3. Nf3 Nc6 4. Bc4 Bg4 5. Bxf7+ Kxf7 6. Ng5+ Ke8 7. Qxg4 Nf6 8. Qd1 h6 9. Ne6 Qe7 10. Nxf8 Rxf8 11. Nc3 exf4 12. O-O g5 13. Re1 Kd8 14. Nd5 Qe6 15. Nc3 Nd4 16. d3 Nd7 17. Rf1 a6 18. Ne2 Nxe2+ 19. Qxe2 d5 20. Re1 d4 21. Bd2 c5 22. c3 b6 23. cxd4 cxd4 24. Bb4 Re8 25. Qf2 a5 26. Ba3 Qe5 27. Rac1 Nc5 28. Rc4 Ne6 29. Rec1 b5 30. Rc6 b4 31. Qc2 bxa3 32. Qb3 Rb8 33. Qxa3 Re7 34. Rc8+ Rxc8 35. Rxc8+ Kxc8 36. Qxe7 h5 37. Qe8+ Kb7 38. Qe7+ Kb6 39. Qe8 g4 40. Qe7 f3 41. g3 a4 42. a3 Kc6 43. Qe8+ Kd6 44. Qb8+ Nc7 45. Qb4+ Qc5 46. e5+ Kd5 47. Qe1 Ke6 48. Qe4 Qxe5 49. Qg6+ Kd5 50. Qg8+ Qe6 51. Qd8+ Qd6 52. Qg8+ Kc6 53. Qh7 Qe6 54. Kf2 Qe3+ 55. Kf1 Qe2+ 0-1

[Event "Perth AUS Open Minor"]
[Site "?"]
[Date "2023.01.10"]
[Round "11.78"]
[White "Li, Jeremy"]
[Black "Dadras, Datis"]
[Result "0-1"]
[WhiteElo "331"]
[BlackElo "482"]
[PlyCount "94"]
[EventDate "2023.01.??"]
[EventRounds "11"]
[EventCountry "AUS"]
[SourceVersionDate "2023.01.02"]

1. e4 e5 2. Nf3 Nc6 3. Bc4 h6 4. O-O Nf6 5. Nc3 Bb4 6. d4 exd4 7. Nxd4 Bxc3 8. bxc3 O-O 9. Re1 d6 10. h3 Re8 11. Qf3 d5 12. Bd3 Re7 13. Bf4 Qe8 14. exd5 Rxe1+ 15. Rxe1 Qxe1+ 16. Kh2 Nxd4 17. cxd4 Qe7 18. c4 c5 19. d6 Qd7 20. dxc5 Qc6 21. Qe3 Bd7 22. Be5 Re8 23. f4 Nh5 24. g4 f6 25. gxh5 fxe5 26. fxe5 Qc8 27. Be4 Bf5 28. Qd4 Bxe4 29. d7 Qd8 30. dxe8=Q+ Qxe8 31. Qxe4 Qxh5 32. e6 Kf8 33. Qxb7 Qe5+ 34. Kg2 Qxe6 35. c6 Qe4+ 36. Kf2 Qxc4 37. c7 Qxa2+ 38. Ke3 Qe6+ 39. Kd4 Qd7+ 40. Kc5 Qe7+ 41. Kb5 Qd7+ 42. Kc5 Qe7+ 43. Kc6 Qe4+ 44. Kd7 Qxb7 45. Kd8 a5 46. c8=Q Qxc8+ 47. Kxc8 a4 0-1